| 000 | 00714nam a2200205 u 4500 | ||
|---|---|---|---|
| 005 | 20240419063940.0 | ||
| 008 | 111011s2007 r 000 0 eng d | ||
| 020 | _a9788495973368 | ||
| 035 | _aUPN01000182153 | ||
| 049 | _aI | ||
| 050 | 4 |
_aGV1203 _bR6.2 |
|
| 100 | 1 | _aRooyackers, Paul | |
| 245 | 1 | 0 |
_a101 juegos de dramatización para niños : _bdiversión y aprendizaje a través de la interpretación y la simulación / _cPaul Rooyackers ; tr. Carlos Ossés. |
| 260 |
_aMadrid : _bNeo Person, _c2007. |
||
| 300 |
_a188 p. : _bil. |
||
| 534 |
_pTraducción de: _tHundered dramaspelen |
||
| 650 | 4 |
_aJuegos infantiles _96445 |
|
| 650 | 4 |
_aDRAMA - _xESTUDIO Y ENSEÑANZA (PREESCOLAR) _916518 |
|
| 905 | _aInfantil | ||
| 999 |
_c154256 _d154256 |
||